000 00553nam a22001697a 4500
005 20250124151214.0
010 _aENG-143566
020 _a9789388468626
_c300.00
035 _aEN-127098
037 _bDBAD
082 _21
_a881
245 _aPrateechi:
_b A Literary Digest of West Indian Languages 2016-17/
_cEdited by Sitanshu Yashaschandra...[et.al]
260 _aNew Delhi
_bSahitya Akademi
_c2018
270 _aRabindra Bhavan, 35, Ferozshah Road
_bNew Delhi
_e110001
300 _a276p.
_c21cm(pb)
942 _2ddc
_cEN
_mPRA
_h881
999 _c208742
_d208742